Motivace pracovního jednání a její řízení
Uložené v:
| Hlavný autor: | |
|---|---|
| Médium: | Kniha |
| Jazyk: | Czech |
| Vydavateľské údaje: |
Praha
Management Press
1992
|
| Vydanie: | 1. vyd. |
| Predmet: | |
| Tagy: |
Žiadne tagy, Buďte prvý, kto otaguje tento záznam!
|
MARC
| LEADER | 00000nam a2200000 4500 | ||
|---|---|---|---|
| 001 | c001203 | ||
| 005 | 20221214090031.2 | ||
| 020 | |a 80-85603-01-2 | ||
| 041 | 0 | |a cze | |
| 044 | |a CZ | ||
| 245 | 1 | 0 | |a Motivace pracovního jednání a její řízení |c Milan Nakonečný |
| 250 | |a 1. vyd. | ||
| 264 | 1 | |a Praha |b Management Press |c 1992 | |
| 300 | |a 258 s. | ||
| 610 | 2 | 0 | |a manažment |
| 610 | 2 | 0 | |a práca |
| 610 | 2 | 0 | |a činiteľ ľudský |
| 610 | 2 | 0 | |a psychológia |
| 610 | 2 | 0 | |a psychológia práce |
| 100 | 1 | |a Nakonečný, Milan | |